000 nam a22 7a 4500
999 _c40518
_d40518
003 OSt
005 20170918163057.0
008 170918b xxu||||| |||| 00| 0 eng d
040 _csero soft
100 _aPATEL,RAJNIKANT P
245 _aSUPERVISION IN PHYSICAL EDUCATION
260 _aDELHI
_bKSK
_c2016
300 _a251
942 _2ddc
_c01